000 00707nam a22002297a 4500
003 DO-SdBPM
005 20250115104519.0
008 1610311990 sp 00| 0 spa d
020 _a8401323185
040 _aDO-SdBPM
_bspa
_cBPMSU
082 4 _a813.5
_bA832n 1990
_222
100 1 _aAsimov, Isaac
_d1920-1992
245 1 0 _aNémesis /
_cIsaac Asimov : traducción Manuel Vasquez
260 _aBarcelona :
_bPlaza & Janes editores,
_c1990.
300 _a360 p. ;
_c23 cm.
590 _aInventariado, 2025/VM
650 4 _aNovela estadounidense
650 4 _aViajes interplanetarios
_vNovela
700 1 _aVasquez, Manuel
_etraductor
910 _aVMateo V. Control de calidad. BPMSU
942 _2ddc
_cBK
999 _c13025
_d13025